000 00448nam a22001811a 4500
999 _c152316
_d152316
020 _a9788124011713
082 _aM 398.07
_bPRA/F
100 _aPrakash K S
245 _aFolklorum kavithayum/
_cby Prakash K S.
260 _aKottayam:
_bCurrent Books,
_c2002.
300 _a183p.
650 _aFolklore Poetry
650 _aFolk Songs Study
650 _aFolk Songs Study
650 _aFolklore
650 _aSocial Sciences
942 _cBK